[Event "Hastings Masters"]
[Site "Hastings/Great Britain"]
[Date "2009.12.29"]
[Round "2.1"]
[White "Drozdovskij, Yuri"]
[Black "Breder, Dennis"]
[Result "1/2-1/2"]
[WhiteElo "2625"]
[BlackElo "2427"]
[PlyCount "40"]
[EventDate "2009.??.??"]
[SourceDate "2009.12.29"]

1. d4 d5 2. c4 e6 3. Nf3 Nf6 4. Nc3 c6 5. Qd3 dxc4 6. Qxc4 b5 7. Qd3 a6 8. e4
c5 9. dxc5 Qxd3 10. Bxd3 Bxc5 11. e5 Nfd7 12. Be4 Ra7 13. O-O Bb7 14. Rd1 O-O
15. Bf4 Rc8 16. Rac1 Bxe4 17. Nxe4 Rac7 18. Nxc5 Rxc5 19. Rxc5 Rxc5 20. Kf1 h6
1/2-1/2

[Event "Hastings Masters"]
[Site "Hastings/Great Britain"]
[Date "2009.12.29"]
[Round "2.2"]
[White "Istratescu, Andrei"]
[Black "Bates, Richard A"]
[Result "1-0"]
[WhiteElo "2624"]
[BlackElo "2383"]
[PlyCount "43"]
[EventDate "2009.??.??"]
[SourceDate "2009.12.29"]

1. c4 g6 2. Nc3 Bg7 3. d4 Nf6 4. e4 d6 5. f3 O-O 6. Be3 e5 7. Nge2 Nbd7 8. Qd2
Nb6 9. b3 exd4 10. Nxd4 a5 11. Be2 a4 12. O-O Re8 13. Rad1 axb3 14. axb3 c6 15.
Nc2 Nfd7 16. Bd4 Bf8 17. f4 d5 18. cxd5 cxd5 19. Bb5 dxe4 20. f5 Nc5 21. fxg6
hxg6 22. Qf2 1-0

[Event "Hastings Masters"]
[Site "Hastings/Great Britain"]
[Date "2009.12.29"]
[Round "2.4"]
[White "Howell, David W L"]
[Black "Giffard, Nicolas"]
[Result "1-0"]
[WhiteElo "2597"]
[BlackElo "2351"]
[PlyCount "77"]
[EventDate "2009.??.??"]
[SourceDate "2009.12.29"]

1. e4 c5 2. Nf3 e6 3. c3 d5 4. exd5 exd5 5. d4 c4 6. b3 cxb3 7. axb3 Nc6 8. Bd3
Bd6 9. Ne5 Bxe5 10. dxe5 Nxe5 11. Qe2 Qe7 12. O-O Nxd3 13. Qxd3 Be6 14. Qd4 Nf6
15. Rxa7 Rxa7 16. Qxa7 Qc7 17. Ba3 Ng4 18. Qa4+ Qd7 19. Qf4 f6 20. Nd2 Ne5 21.
Re1 Ng6 22. Qg3 Kf7 23. Nf3 Bf5 24. h3 Re8 25. Rxe8 Kxe8 26. Nd4 Bb1 27. Qb8+
Kf7 28. Bd6 Bd3 29. Kh2 Ne7 30. Bxe7 Qxe7 31. f4 g5 32. fxg5 fxg5 33. b4 h6 34.
b5 Kg7 35. b6 Qf7 36. Qc7 Kg6 37. Nc6 Qf1 38. Ne5+ Kf5 39. Nxd3 1-0

[Event "Hastings Masters"]
[Site "Hastings/Great Britain"]
[Date "2009.12.29"]
[Round "2.5"]
[White "Hawkins, Jonathan"]
[Black "Williams, Simon K"]
[Result "1-0"]
[WhiteElo "2383"]
[BlackElo "2550"]
[PlyCount "89"]
[EventDate "2009.??.??"]
[SourceDate "2009.12.29"]

1. d4 e6 2. c4 b6 3. e4 Bb7 4. Bd3 Bb4+ 5. Bd2 Bxd2+ 6. Nxd2 Nc6 7. Ngf3 Qf6 8.
e5 Qf4 9. g3 Qh6 10. O-O g5 11. Ne4 g4 12. Nh4 f5 13. exf6 Nxf6 14. Nxf6+ Qxf6
15. Be4 O-O-O 16. Bxc6 dxc6 17. Qxg4 Rxd4 18. Qf3 Qg7 19. Qc3 c5 20. Nf3 Rf8
21. Nxd4 cxd4 22. Qa3 Rf3 23. Qxa7 Qg4 24. Qa4 Kd8 25. Qd1 Qe4 26. Qd2 Kc8 27.
h4 h6 28. b4 e5 29. a4 Qc6 30. b5 Qxc4 31. Qxh6 Qd5 32. Qh8+ Kd7 33. Qg7+ Kd6
34. Qg6+ Kc5 35. Kh2 Rd3 36. Rg1 Qf3 37. Qe6 Qxf2+ 38. Kh3 Rc3 39. Rab1 Qf8 40.
Qxe5+ Kc4 41. Qxc7+ Qc5 42. Qxc5+ bxc5 43. Rbc1 d3 44. Rxc3+ Kxc3 45. h5 1-0

[Event "Hastings Masters"]
[Site "Hastings/Great Britain"]
[Date "2009.12.29"]
[Round "2.6"]
[White "Hebden, Mark L"]
[Black "Worek, Joanna"]
[Result "1-0"]
[WhiteElo "2522"]
[BlackElo "2226"]
[PlyCount "53"]
[EventDate "2009.??.??"]
[SourceDate "2009.12.29"]

1. d4 Nf6 2. Nf3 e6 3. c4 Bb4+ 4. Bd2 Qe7 5. g3 Nc6 6. Nc3 Bxc3 7. Bxc3 d6 8.
d5 Nb8 9. Bg2 e5 10. Qc2 O-O 11. e4 a5 12. O-O Nbd7 13. Nh4 Nc5 14. Rae1 c6 15.
f4 exf4 16. Rxf4 Nh5 17. Rff1 Bg4 18. Nf5 Bxf5 19. exf5 Qc7 20. f6 Rae8 21.
fxg7 Nxg7 22. Qd2 Rxe1 23. Rxe1 f6 24. Bxa5 b6 25. Bc3 cxd5 26. Bxd5+ Kh8 27.
Qh6 1-0

[Event "Hastings Masters"]
[Site "Hastings/Great Britain"]
[Date "2009.12.29"]
[Round "2.7"]
[White "Knott, Simon J B"]
[Black "Gormally, Daniel W"]
[Result "1/2-1/2"]
[WhiteElo "2348"]
[BlackElo "2479"]
[PlyCount "47"]
[EventDate "2009.??.??"]
[SourceDate "2009.12.29"]

1. Nf3 Nf6 2. c4 g6 3. Nc3 Bg7 4. e4 e5 5. Nxe5 Nxe4 6. Nxe4 Bxe5 7. d4 Bg7 8.
Bg5 f6 9. Be3 O-O 10. Nc3 d6 11. g3 Nc6 12. Bg2 f5 13. Nd5 Be6 14. Rc1 Bxd5 15.
Bxd5+ Kh8 16. O-O f4 17. Bxf4 Nxd4 18. b3 c6 19. Bg2 Qa5 20. Be3 Nf5 21. Qd2
Qxd2 22. Bxd2 Bh6 23. Bc3+ Bg7 24. Bd2 1/2-1/2

[Event "Hastings Masters"]
[Site "?"]
[Date "2009.12.29"]
[Round "2.9"]
[White "Mitchell, Martin"]
[Black "Collins, Sam E"]
[Result "1-0"]
[WhiteElo "2195"]
[BlackElo "2431"]
[PlyCount "59"]
[EventDate "2009.12.29"]
[SourceDate "2009.12.29"]

1. d4 e6 2. c4 b6 3. Nc3 Bb7 4. a3 f5 5. d5 Nf6 6. g3 Be7 7. Bg2 O-O 8. Nh3 a5
9. O-O Na6 10. d6 Bxg2 11. dxe7 Qxe7 12. Kxg2 Qc5 13. b3 d5 14. Be3 Qc6 15.
cxd5 exd5 16. Bd4 Rad8 17. Rc1 Qb7 18. Nf4 c5 19. Bxf6 d4+ 20. e4 gxf6 21. Ne6
dxc3 22. Nxd8 Qa8 23. Qf3 Qxd8 24. Rfd1 Qc8 25. Qxf5 Qxf5 26. exf5 c4 27. Rxc3
Nc5 28. Rxc4 Nxb3 29. Rc6 Rb8 30. Rdd6 1-0

[Event "Hastings Masters"]
[Site "?"]
[Date "2009.12.29"]
[Round "2.10"]
[White "Philippe, Christophe"]
[Black "Griffiths, Ryan Rhys"]
[Result "1-0"]
[WhiteElo "2430"]
[BlackElo "2148"]
[PlyCount "61"]
[EventDate "2009.12.29"]
[SourceDate "2009.12.29"]

1. e4 c5 2. c3 d5 3. exd5 Qxd5 4. d4 Nc6 5. Nf3 Bg4 6. Be2 cxd4 7. cxd4 e6 8.
Nc3 Qa5 9. h3 Bh5 10. d5 exd5 11. Nd4 Bxe2 12. Qxe2+ Be7 13. Nxc6 bxc6 14. O-O
Kf8 15. Re1 Qd8 16. Bd2 g6 17. Rac1 Bf6 18. Na4 Rc8 19. Qa6 Kg7 20. Rxc6 Rxc6
21. Qxc6 Ne7 22. Bh6+ Kxh6 23. Qxf6 Nf5 24. Qxf7 Rf8 25. Qxa7 d4 26. Nc5 Qd5
27. Qa5 Rf6 28. Qd2+ Kg7 29. b4 Nh4 30. Re4 g5 31. Qxd4 1-0

[Event "Hastings Masters"]
[Site "?"]
[Date "2009.12.29"]
[Round "2.11"]
[White "Goodger, Martyn"]
[Black "Hracek, Zbynek"]
[Result "0-1"]
[WhiteElo "2147"]
[BlackElo "2624"]
[PlyCount "66"]
[EventDate "2009.12.29"]
[SourceDate "2009.12.29"]

1. e4 c5 2. c3 d5 3. exd5 Qxd5 4. d4 Nf6 5. Nf3 e6 6. a3 Be7 7. Be3 O-O 8. dxc5
Qxd1+ 9. Kxd1 a5 10. b4 Nd5 11. Bd2 axb4 12. cxb4 Nc6 13. b5 Na5 14. Bxa5 Rxa5
15. Bc4 Bxc5 16. Ra2 Nb6 17. Bd3 Bd7 18. Ke2 Nd5 19. Bc4 Nf4+ 20. Kf1 Bxb5 21.
Nbd2 Bxc4+ 22. Nxc4 Ra4 23. Nfd2 b5 24. Ne3 Bxa3 25. g3 Bc1 26. Rc2 Bxd2 27.
Rxd2 Ra1+ 28. Rd1 Rxd1+ 29. Nxd1 Nd5 30. Ke2 Ra8 31. Ne3 Nxe3 32. Kxe3 b4 33.
Rb1 Rb8 0-1

[Event "Hastings Masters"]
[Site "?"]
[Date "2009.12.29"]
[Round "2.13"]
[White "Nilsen, Joachim Birger"]
[Black "Ansell, Simon T"]
[Result "0-1"]
[WhiteElo "2126"]
[BlackElo "2387"]
[PlyCount "60"]
[EventDate "2009.12.29"]
[SourceDate "2009.12.29"]

1. e4 c5 2. Nf3 Nc6 3. d4 cxd4 4. Nxd4 e5 5. Nb5 d6 6. N1c3 a6 7. Na3 Be7 8.
Nd5 Nf6 9. Be3 Nxd5 10. exd5 Nb8 11. Nc4 Nd7 12. a4 O-O 13. Be2 f5 14. f4 exf4
15. Bxf4 Nb6 16. Na5 Qc7 17. Nb3 Bf6 18. c3 Bd7 19. Nd4 Bxd4 20. Qxd4 Rae8 21.
Kf2 Re4 22. Qd2 Nxa4 23. Bf3 Nc5 24. Rad1 Nb3 25. Qc2 Qb6+ 26. Kg3 Rxf4 27.
Kxf4 g5+ 28. Kxg5 Qe3+ 29. Kh4 Qf4+ 30. g4 Rf6 0-1

[Event "Hastings Masters"]
[Site "?"]
[Date "2009.12.29"]
[Round "2.14"]
[White "De Coverley, Roger D"]
[Black "Eggleston, David J"]
[Result "0-1"]
[WhiteElo "2109"]
[BlackElo "2367"]
[PlyCount "114"]
[EventDate "2009.12.29"]
[SourceDate "2009.12.29"]

1. Nf3 Nf6 2. g3 b6 3. Bg2 Bb7 4. O-O e6 5. d3 c5 6. e4 d6 7. Nc3 Be7 8. Ne1
Nc6 9. f4 O-O 10. g4 Nd7 11. Ne2 e5 12. f5 Bg5 13. Nf3 Bxc1 14. Rxc1 Nd4 15.
Ng3 h6 16. Qd2 d5 17. Nxd4 cxd4 18. exd5 Nf6 19. g5 hxg5 20. Qxg5 Bxd5 21. Bxd5
Qxd5 22. Nh5 Nxh5 23. Qxh5 f6 24. Rf3 Rf7 25. Rh3 Kf8 26. c4 dxc3 27. Rxc3 Rd8
28. Qg4 Qd4+ 29. Qxd4 Rxd4 30. Rh8+ Ke7 31. Rcc8 Rd7 32. Kf2 Kd6 33. Ke3 Rc7
34. h4 Kc5 35. h5 Rfd7 36. Rxc7+ Rxc7 37. Rh7 Kd6 38. d4 Re7 39. dxe5+ Kxe5 40.
Kd3 Kxf5 41. a4 Kg5 42. b4 f5 43. Kd4 Kf6 44. Kd3 f4 45. h6 gxh6 46. Rxh6+ Kg5
47. Rh8 f3 48. Rf8 Kg4 49. a5 bxa5 50. bxa5 Kg3 51. Rg8+ Kh2 52. Rh8+ Kg2 53.
Rg8+ Kf1 54. Rb8 f2 55. Rc8 Rf7 56. Ke3 Kg2 57. Rg8+ Kh3 0-1

[Event "Hastings Masters"]
[Site "?"]
[Date "2009.12.29"]
[Round "2.15"]
[White "Kjartansson, Gudmundur"]
[Black "Tozer, Philip"]
[Result "1-0"]
[WhiteElo "2391"]
[BlackElo "2106"]
[PlyCount "65"]
[EventDate "2009.12.29"]
[SourceDate "2009.12.29"]

1. d4 e6 2. Nf3 f5 3. g3 Nf6 4. Bg2 d5 5. O-O Bd6 6. c4 c6 7. b3 Qe7 8. a4 a5
9. Ba3 Bxa3 10. Nxa3 O-O 11. Nc2 b6 12. Ne5 Bb7 13. Ne1 Na6 14. Rc1 Rac8 15. e3
Rfd8 16. Qe2 Nb4 17. N1d3 Ba6 18. Nxb4 Qxb4 19. Qa2 Ne4 20. Bxe4 fxe4 21. f3 c5
22. fxe4 cxd4 23. Qe2 Rc7 24. exd5 exd5 25. exd4 dxc4 26. bxc4 Qd6 27. Rf4 Bb7
28. Rcf1 Re7 29. Qf2 Qb8 30. Rf7 Rc7 31. Qf4 Rxf7 32. Qxf7+ Kh8 33. Rf4 1-0

[Event "Hastings Masters"]
[Site "?"]
[Date "2009.12.29"]
[Round "2.17"]
[White "Horn, Stefan"]
[Black "Prosviriakov, Vladimir"]
[Result "0-1"]
[WhiteElo "2074"]
[BlackElo "2311"]
[PlyCount "68"]
[EventDate "2009.12.29"]
[SourceDate "2009.12.29"]

1. e4 e5 2. Nf3 d6 3. d4 exd4 4. Nxd4 g6 5. Be2 Bg7 6. O-O Nc6 7. Nxc6 bxc6 8.
c3 Ne7 9. Be3 c5 10. Nd2 O-O 11. Qc2 Kh8 12. Rad1 f5 13. f3 f4 14. Bf2 Nc6 15.
Nc4 Qe7 16. Rfe1 Be6 17. Bf1 Qf7 18. Qa4 Ne5 19. Nxe5 Bxe5 20. a3 Bb3 21. Qa6
Bxd1 22. Bc4 Qg7 23. Rxd1 g5 24. h3 h5 25. Rd2 g4 26. hxg4 hxg4 27. Kf1 Rab8
28. Qxa7 Bxc3 29. bxc3 Qxc3 30. Bd4+ cxd4 31. Qxd4+ Qxd4 32. Rxd4 Rb1+ 33. Kf2
g3+ 34. Ke2 Rg1 0-1

[Event "Hastings Masters"]
[Site "?"]
[Date "2009.12.29"]
[Round "2.19"]
[White "Eames, Robert S"]
[Black "Norinceviciute, Rasa"]
[Result "1-0"]
[WhiteElo "2276"]
[BlackElo "2027"]
[PlyCount "68"]
[EventDate "2009.12.29"]
[SourceDate "2009.12.29"]

1. d4 Nf6 2. c4 e6 3. Nc3 Bb4 4. Qc2 c5 5. dxc5 Bxc5 6. Nf3 Qb6 7. e3 Be7 8. g4
d6 9. g5 Nfd7 10. e4 a6 11. Be3 Qc7 12. Be2 Nc6 13. h4 Nce5 14. Nd2 h5 15. f4
Nc6 16. g6 Nf6 17. O-O-O Bd7 18. gxf7+ Kxf7 19. e5 dxe5 20. Rhg1 Rag8 21. Qg6+
Kf8 22. Nde4 exf4 23. Rxd7 Qxd7 24. Rd1 Qe8 25. Qg1 fxe3 26. Qxe3 Nxe4 27. Nxe4
Bf6 28. Nc5 Nd4 29. Rxd4 Bxd4 30. Nxe6+ Kf7 31. Ng5+ Kf8 32. Qxd4 Qxe2 33. Qf4+
Ke7 34. Qc7+ Kf6 1-0

[Event "Hastings Masters"]
[Site "?"]
[Date "2009.12.29"]
[Round "2.20"]
[White "Spanton, Tim R"]
[Black "Grant, Alan G"]
[Result "1/2-1/2"]
[WhiteElo "2026"]
[BlackElo "2236"]
[PlyCount "58"]
[EventDate "2009.12.29"]
[SourceDate "2009.12.29"]

1. e4 c6 2. d4 d5 3. exd5 cxd5 4. c4 Nf6 5. Nc3 g6 6. Qb3 Bg7 7. cxd5 O-O 8.
Be2 Na6 9. Bf4 Qb6 10. Qxb6 axb6 11. d6 Nb4 12. Rc1 Re8 13. a3 Nc6 14. d5 Nd4
15. Be5 Nxe2 16. Ngxe2 exd6 17. Bxd6 Bf5 18. O-O Bd3 19. Rfe1 Bxe2 20. Rxe2
Rxe2 21. Nxe2 Nxd5 22. Rd1 Re8 23. Kf1 Nf6 24. Nc3 Ne4 25. Nxe4 Rxe4 26. b3 f5
27. Bc7 Rd4 28. Rxd4 Bxd4 29. Ke2 Kf7 1/2-1/2

[Event "Hastings Masters"]
[Site "?"]
[Date "2009.12.29"]
[Round "2.21"]
[White "Kwiatkowski, Feliks J"]
[Black "Brechin, Hugh R"]
[Result "1-0"]
[WhiteElo "2248"]
[BlackElo "2025"]
[PlyCount "85"]
[EventDate "2009.12.29"]
[SourceDate "2009.12.29"]

1. e4 c5 2. Nf3 d6 3. d4 cxd4 4. Nxd4 Nf6 5. Nc3 a6 6. Be2 e5 7. Nb3 Be7 8. O-O
O-O 9. Be3 Be6 10. Qd2 Nbd7 11. a4 Rc8 12. a5 Qc7 13. Rfd1 Rfd8 14. Qe1 Qc6 15.
Bf3 Qc7 16. Rd2 Bf8 17. Qd1 b5 18. axb6 Nxb6 19. Na5 Rb8 20. Nd5 Bxd5 21. exd5
Nc4 22. Nxc4 Qxc4 23. b3 Qc3 24. Ra4 Rdc8 25. Qa1 Ra8 26. h3 h6 27. Qxc3 Rxc3
28. Be2 Rc7 29. Bxa6 Ne4 30. Rxe4 Rxa6 31. Rc4 Rxc4 32. bxc4 f6 33. Kf1 Kf7 34.
Ke2 Ke7 35. c5 dxc5 36. Bxc5+ Ke8 37. Bxf8 Kxf8 38. c4 Ra5 39. Rc2 Rc5 40. Kd3
Ke7 41. Ra2 Rc7 42. Ra6 Kd7 43. Kc3 1-0

[Event "Hastings Masters"]
[Site "?"]
[Date "2009.12.29"]
[Round "2.22"]
[White "Furman, Boris"]
[Black "Grant, David J"]
[Result "1/2-1/2"]
[WhiteElo "2223"]
[BlackElo "2020"]
[PlyCount "71"]
[EventDate "2009.12.29"]
[SourceDate "2009.12.29"]

1. d4 d5 2. c4 e5 3. dxe5 d4 4. Nf3 Nc6 5. a3 Nge7 6. b4 Ng6 7. Bb2 a5 8. b5
Ncxe5 9. Nxe5 Nxe5 10. Bxd4 Nxc4 11. e3 Be6 12. Qc2 Nd6 13. Bd3 Qg5 14. f4 Qh4+
15. Qf2 Qxf2+ 16. Kxf2 Nf5 17. Bxf5 Bxf5 18. Nc3 f6 19. Rac1 O-O-O 20. b6 c6
21. Na4 Be7 22. Nc5 Rd5 23. Rc4 Rhd8 24. Rhc1 Bxc5 25. Rxc5 Rxc5 26. Rxc5 Rd5
27. Ke2 Kd7 28. Rxd5+ cxd5 29. Bc5 Ke8 30. Kd2 Bd7 31. Kc3 Bc6 32. Kd4 a4 33.
g4 Kf7 34. h4 g6 35. g5 Ke6 36. Bf8 1/2-1/2

[Event "Hastings Masters"]
[Site "?"]
[Date "2009.12.29"]
[Round "2.23"]
[White "Anderson, John"]
[Black "Williams, Peter A"]
[Result "0-1"]
[WhiteElo "2209"]
[BlackElo "2012"]
[PlyCount "52"]
[EventDate "2009.12.29"]
[SourceDate "2009.12.29"]

1. e4 e6 2. d4 d5 3. Nc3 Bb4 4. e5 c5 5. a3 Bxc3+ 6. bxc3 Qc7 7. Qg4 Ne7 8.
Qxg7 Rg8 9. Qxh7 cxd4 10. Ne2 Nbc6 11. h4 dxc3 12. f4 Bd7 13. Rb1 O-O-O 14. Qd3
Nf5 15. h5 d4 16. Rg1 f6 17. g4 Nh6 18. Nxd4 Nxd4 19. Qxd4 Nxg4 20. Qxa7 Bc6
21. Bh3 Qd7 22. Qa8+ Kc7 23. Qa5+ Kb8 24. Ke2 Qd4 25. Bxg4 Qxg1 26. Be3 Qxg4+
0-1

[Event "Hastings Masters"]
[Site "?"]
[Date "2009.12.29"]
[Round "2.24"]
[White "Niloy, Chakraborty"]
[Black "Sugden, John N"]
[Result "1/2-1/2"]
[WhiteElo "1800"]
[BlackElo "2219"]
[PlyCount "102"]
[EventDate "2009.12.29"]
[SourceDate "2009.12.29"]

1. e4 c5 2. Nf3 d6 3. d4 cxd4 4. Nxd4 Nf6 5. Nc3 a6 6. Bd3 e5 7. Nb3 Be7 8. O-O
O-O 9. Bg5 Nbd7 10. Ne2 h6 11. Bh4 b5 12. Ng3 g5 13. Nf5 gxh4 14. Nxh6+ Kh7 15.
Nf5 Nb6 16. Nxh4 Kh8 17. f4 Nh7 18. Nf5 Bxf5 19. exf5 Bf6 20. Qh5 Rg8 21. Rad1
Qe7 22. Nd2 Rg7 23. Ne4 Kg8 24. Rf3 d5 25. fxe5 dxe4 26. Bxe4 Qxe5 27. Bxa8
Nxa8 28. Rfd3 Nc7 29. Qf3 Rg5 30. g4 Kh8 31. h4 Rg8 32. g5 Nxg5 33. hxg5 Rxg5+
34. Kh1 Rxf5 35. Qg2 Rg5 36. Rh3+ Kg7 37. Qf3 Nd5 38. Rg1 Nf4 39. Rxg5+ Bxg5
40. Qc3 Kf6 41. Qxe5+ Kxe5 42. Ra3 Be7 43. Rxa6 b4 44. Ra5+ Nd5 45. a3 bxa3 46.
bxa3 Kd4 47. Ra7 f5 48. Kg2 Bc5 49. Ra8 Ne3+ 50. Kf3 Nxc2 51. Kf4 Nxa3 1/2-1/2

[Event "Hastings Masters"]
[Site "?"]
[Date "2009.12.29"]
[Round "2.25"]
[White "Martin, Andrew D"]
[Black "Straub, Peter"]
[Result "1/2-1/2"]
[WhiteElo "2423"]
[BlackElo "2122"]
[PlyCount "91"]
[EventDate "2009.12.29"]
[SourceDate "2009.12.29"]

1. d4 Nf6 2. c4 g6 3. Nc3 d5 4. Nf3 Bg7 5. cxd5 Nxd5 6. Qb3 Nb6 7. Bg5 O-O 8.
Rd1 c6 9. e3 Bg4 10. Be2 N8d7 11. h3 Be6 12. Qc2 h6 13. Bh4 f5 14. g4 Nf6 15.
Ne5 Qe8 16. gxf5 Bxf5 17. e4 Be6 18. f4 Nfd7 19. Bg3 Nxe5 20. fxe5 Rd8 21. b3
Kh8 22. Qc1 Bg8 23. Qe3 e6 24. Bh4 Rd7 25. Bf6 Bxf6 26. exf6 Rxf6 27. e5 Rf8
28. Qxh6+ Rh7 29. Qg5 Qe7 30. Qxe7 Rxe7 31. Rf1 Rxf1+ 32. Bxf1 Nd5 33. Nxd5
cxd5 34. Kd2 Kg7 35. Bd3 Rf7 36. Ke3 Kh6 37. Rc1 g5 38. Rc8 Kg7 39. Re8 Rc7 40.
Kd2 Bf7 41. Ra8 a6 42. Be2 Bg6 43. Bg4 Rc2+ 44. Ke1 Rc1+ 45. Kd2 Rc2+ 46. Ke1
1/2-1/2

[Event "Hastings Masters"]
[Site "?"]
[Date "2009.12.29"]
[Round "2.26"]
[White "Strunski, Andreas"]
[Black "Demac, Elias"]
[Result "1/2-1/2"]
[WhiteElo "2386"]
[BlackElo "2084"]
[PlyCount "73"]
[EventDate "2009.12.29"]
[SourceDate "2009.12.29"]

1. d4 d5 2. c4 c6 3. Nf3 Nf6 4. e3 Bg4 5. Qb3 Qb6 6. Nc3 e6 7. Nh4 Be7 8. h3
Bh5 9. g4 Bg6 10. Nxg6 hxg6 11. g5 Qxb3 12. axb3 Ne4 13. Nxe4 dxe4 14. Bg2 Bxg5
15. Bxe4 Kd7 16. Bd2 Kc7 17. Ba5+ Kc8 18. Ke2 Nd7 19. Bc3 Bf6 20. b4 Nb6 21. b3
a6 22. b5 cxb5 23. Ba5 Bd8 24. cxb5 Rh5 25. bxa6 Rxa6 26. h4 Nd5 27. Bd3 Ra8
28. Bxd8 Rxa1 29. Rxa1 Kxd8 30. Ra8+ Kd7 31. Rg8 Ke7 32. Rb8 b6 33. Rb7+ Kf8
34. Be4 Nc3+ 35. Kd3 Nxe4 36. Kxe4 Rb5 37. f4 1/2-1/2

[Event "Hastings Masters"]
[Site "?"]
[Date "2009.12.29"]
[Round "1.27"]
[White "Foord, Dominic"]
[Black "Druckenthaler, Andreas"]
[Result "0-1"]
[WhiteElo "2051"]
[BlackElo "2296"]
[PlyCount "66"]
[EventDate "2009.12.29"]
[SourceDate "2009.12.29"]

1. d4 f5 2. Nf3 Nf6 3. g3 e6 4. Bg2 Be7 5. O-O O-O 6. c4 d6 7. Nc3 Ne4 8. Nxe4
fxe4 9. Nd2 d5 10. f3 Bf6 11. e3 exf3 12. Bxf3 Nc6 13. Kh1 Ne7 14. Qb3 Kh8 15.
Nb1 dxc4 16. Qxc4 e5 17. d5 Bh3 18. Rd1 Bg5 19. Bg4 Bxg4 20. Qxg4 Nf5 21. Qe4
Qf6 22. Nc3 Qh6 23. Qxe5 Rae8 24. Qxc7 Re7 25. Qc5 Nxg3+ 26. Kg1 Qh3 27. Bd2
Rf2 28. Qc8+ Qxc8 29. Kxf2 Ne4+ 30. Nxe4 Qf5+ 31. Ke2 Qg4+ 32. Kd3 Qxe4+ 33.
Kc3 Qxd5 0-1

[Event "Hastings Masters"]
[Site "?"]
[Date "2009.12.29"]
[Round "2.28"]
[White "Rudd, Jack"]
[Black "Muheim, Sebastien"]
[Result "1-0"]
[WhiteElo "2296"]
[BlackElo "2040"]
[PlyCount "63"]
[EventDate "2009.12.29"]
[SourceDate "2009.12.29"]

1. e4 c5 2. Nf3 d6 3. d4 cxd4 4. Nxd4 Nf6 5. Nc3 a6 6. Bg5 Nbd7 7. f4 g6 8. Qe2
Qa5 9. O-O-O Bg7 10. Nb3 Qc7 11. Bxf6 Nxf6 12. e5 Bg4 13. exf6 Bxe2 14. fxg7
Rg8 15. Bxe2 Rc8 16. Nd4 Rxg7 17. Bg4 f5 18. Ne6 Qc4 19. Nxg7+ Kf7 20. Nxf5
Qxf4+ 21. Kb1 gxf5 22. Bxf5 Rc5 23. Be4 Kg7 24. Bd3 Qb4 25. Ne4 Re5 26. c3 Qa4
27. Rde1 Qd7 28. Re3 Qe6 29. Rf1 Qd5 30. Rf4 Rh5 31. Rg3+ Kh6 32. Nf6 1-0

[Event "Hastings Masters"]
[Site "?"]
[Date "2009.12.29"]
[Round "2.29"]
[White "Atako, Chino"]
[Black "Getz, Nicolai"]
[Result "0-1"]
[WhiteElo "2038"]
[BlackElo "2270"]
[PlyCount "62"]
[EventDate "2009.12.29"]
[SourceDate "2009.12.29"]

1. e4 e5 2. Nf3 Nc6 3. Bc4 Bc5 4. d3 d6 5. c3 Nf6 6. b4 Bb6 7. a4 a6 8. a5 Ba7
9. Qb3 O-O 10. O-O Ne7 11. Na3 c6 12. d4 exd4 13. cxd4 Nxe4 14. d5 cxd5 15.
Bxd5 Nf6 16. Bc4 d5 17. Be2 Nc6 18. Bb2 Be6 19. Rad1 Qe7 20. Nc2 Rac8 21. Nfd4
Bxd4 22. Bxd4 Ne4 23. Ba1 d4 24. Qd3 Nc3 25. Bxc3 dxc3 26. Qd6 Qf6 27. Bd3 Rfd8
28. Qg3 Bb3 29. Qh3 g6 30. Rb1 Bxc2 31. Bxc2 Nd4 0-1

[Event "Hastings Masters"]
[Site "?"]
[Date "2009.12.29"]
[Round "2.31"]
[White "Snape, Ian L"]
[Black "Almond, Richard"]
[Result "1/2-1/2"]
[WhiteElo "2176"]
[BlackElo "2174"]
[PlyCount "61"]
[EventDate "2009.12.29"]
[SourceDate "2009.12.29"]

1. e4 d5 2. exd5 Qxd5 3. Nf3 Bg4 4. Be2 Nc6 5. d4 O-O-O 6. c4 Qf5 7. Be3 Nf6 8.
Nbd2 e5 9. dxe5 Nxe5 10. Nxe5 Bxe2 11. Qxe2 Qxe5 12. O-O Bc5 13. Nf3 Qe7 14.
Rfe1 Rhe8 15. Qc2 Bxe3 16. Rxe3 Qc5 17. b4 Qxb4 18. Ne5 Qc5 19. Rae1 Re6 20.
Nxf7 Rxe3 21. Rxe3 Ng4 22. Re1 Rf8 23. h3 Nxf2 24. Re5 Nxh3+ 25. Kh2 Qg1+ 26.
Kxh3 Rxf7 27. Re8+ Kd7 28. Qe4 Rf6 29. Re7+ Kd8 30. Re8+ Kd7 31. Re7+ 1/2-1/2

[Event "Hastings Masters"]
[Site "?"]
[Date "2009.12.29"]
[Round "2.34"]
[White "Talsma, Paul"]
[Black "Barton, R Alan"]
[Result "1-0"]
[WhiteElo "2252"]
[BlackElo "2119"]
[PlyCount "101"]
[EventDate "2009.12.29"]
[SourceDate "2009.12.29"]

1. d4 c5 2. d5 f5 3. c4 Nf6 4. Nc3 d6 5. g3 g6 6. Bg2 Bg7 7. Nh3 Na6 8. Nf4 Nc7
9. h4 O-O 10. h5 Qe8 11. hxg6 hxg6 12. Qc2 Rb8 13. a4 b6 14. Nb5 Rb7 15. Nxc7
Rxc7 16. a5 g5 17. axb6 axb6 18. Nh3 Ne4 19. Nxg5 Nxg5 20. Bxg5 Qg6 21. Bd2 Bd7
22. Bf3 Be5 23. Rh5 Bf6 24. Kf1 Rb7 25. g4 Rfb8 26. gxf5 Qf7 27. Rh6 Bg7 28. e4
Bxh6 29. Bxh6 b5 30. Bd2 Kf8 31. Ke2 Ke8 32. Rh1 Kd8 33. Rh8+ Be8 34. cxb5 Rxb5
35. Bc3 Kc7 36. Qd2 Rb4 37. Bxb4 Bb5+ 38. Kd1 Rxh8 39. Bxc5 Ra8 40. Qb4 Qe8 41.
Be3 Ra4 42. Qc3+ Rc4 43. Qa5+ Kb7 44. b3 Rc5 45. Bxc5 dxc5 46. e5 Kc8 47. Qa8+
Kc7 48. Qa7+ Kc8 49. d6 exd6 50. exd6 Qd7 51. Qa8# 1-0

[Event "Hastings Masters"]
[Site "?"]
[Date "2009.12.29"]
[Round "2.35"]
[White "Hansen, Victor"]
[Black "Mason, Donald J"]
[Result "1/2-1/2"]
[WhiteElo "2113"]
[BlackElo "2255"]
[PlyCount "50"]
[EventDate "2009.12.29"]
[SourceDate "2009.12.29"]

1. e4 c5 2. Nf3 Nc6 3. Bb5 g6 4. O-O Bg7 5. c3 Nf6 6. Re1 O-O 7. d4 d5 8. e5
Ne4 9. Nbd2 Nxd2 10. Bxd2 Qb6 11. Bxc6 bxc6 12. b4 c4 13. Bg5 Re8 14. Qd2 Bg4
15. Qf4 Bxf3 16. Qxf3 a5 17. a3 Ra7 18. e6 f6 19. Bf4 Rea8 20. Rab1 axb4 21.
axb4 Ra3 22. h4 h5 23. Re3 Ra1 24. Rxa1 Rxa1+ 25. Kh2 f5 1/2-1/2

[Event "Hastings Masters"]
[Site "?"]
[Date "2009.12.29"]
[Round "2.36"]
[White "Jackson, James P"]
[Black "Maduekwe, Chiedu"]
[Result "1-0"]
[WhiteElo "2067"]
[BlackElo "2182"]
[PlyCount "73"]
[EventDate "2009.12.29"]
[SourceDate "2009.12.29"]

1. e4 e6 2. d4 d5 3. e5 c5 4. c3 Nc6 5. Nf3 Bd7 6. a3 f6 7. Bd3 Qc7 8. O-O
O-O-O 9. Qe2 c4 10. Bc2 h6 11. Nbd2 f5 12. b3 cxb3 13. Nxb3 Na5 14. Nxa5 Qxa5
15. Bd3 Kb8 16. Bd2 Qa4 17. Rfb1 Rc8 18. Rb2 Ka8 19. Ne1 g5 20. Nc2 Be8 21.
Rab1 Rc7 22. Nb4 Bxb4 23. Rxb4 Qxa3 24. Qd1 a5 25. Ra1 axb4 26. cxb4 Qxa1 27.
Qxa1+ Kb8 28. b5 b6 29. Qa6 Bd7 30. Qxb6+ Rb7 31. Qd8+ Bc8 32. Bb4 Rd7 33. Bd6+
Kb7 34. Qa5 Rxd6 35. exd6 Rh7 36. Qd8 Rg7 37. Qf8 1-0

[Event "Hastings Masters"]
[Site "?"]
[Date "2009.12.29"]
[Round "2.37"]
[White "Pickersgill, Adrian O"]
[Black "Lock, Gavin R"]
[Result "1/2-1/2"]
[WhiteElo "2014"]
[BlackElo "2170"]
[PlyCount "69"]
[EventDate "2009.12.29"]
[SourceDate "2009.12.29"]

1. e4 c6 2. d4 d5 3. f3 dxe4 4. fxe4 e5 5. Nf3 Bg4 6. Bc4 Nd7 7. O-O Ngf6 8. c3
Bd6 9. Bg5 O-O 10. Nbd2 Qc7 11. Qe1 Bh5 12. Kh1 Rae8 13. Qh4 Bg6 14. Rae1 b5
15. Bb3 c5 16. dxc5 Bxc5 17. Qh3 Be7 18. Nh4 Nc5 19. Nxg6 hxg6 20. Bxf6 Bxf6
21. Bd5 Bg5 22. Nf3 Bh6 23. Nh4 Qd6 24. Rd1 Ne6 25. Qg4 Qe7 26. Bc6 Rb8 27. Rd7
Qg5 28. Qxg5 Bxg5 29. Nf3 Rb6 30. Bd5 Bf6 31. Rxa7 Nf4 32. Bb3 Nd3 33. Rb1 Nf2+
34. Kg1 Nxe4 35. Rd1 1/2-1/2